Xây dựng hệ thống thiết kế bài giảng hợp tác : Luận văn tốt nghiệp cao học. Chuyên ngành Công nghệ thông tin

Nghiên cứu xây dựng hệ thống thiết kế bài giảng hợp tác cho phép người dùng thiết kế cấu trúc của bài giảng phù hợp cho từng môn học, cùng soạn bài giảng, cùng chia sẻ kiến thức và kinh nghiệm trong việc soạn một bài giảng hoàn chỉnh tre...

وصف كامل

محفوظ في:
التفاصيل البيبلوغرافية
المؤلف الرئيسي: Nguyễn, Thị Xuân Đào
التنسيق: كتاب
اللغة:Undetermined
منشور في: Cần Thơ Trường Đại học Cần Thơ 2015
الموضوعات:
الوسوم: إضافة وسم
لا توجد وسوم, كن أول من يضع وسما على هذه التسجيلة!
Thư viện lưu trữ: Trung tâm Học liệu Trường Đại học Cần Thơ
LEADER 01243nam a2200217Ia 4500
001 CTU_209555
008 210402s9999 xx 000 0 und d
082 |a 371.1 
082 |b Đ108 
088 |a 60480104 
100 |a Nguyễn, Thị Xuân Đào 
245 0 |a Xây dựng hệ thống thiết kế bài giảng hợp tác : 
245 0 |b Luận văn tốt nghiệp cao học. Chuyên ngành Công nghệ thông tin 
245 0 |c Nguyễn Thị Xuân Đào ; Phạm Thị Ngọc Diễm (Hướng dẫn khoa học) 
260 |a Cần Thơ 
260 |b Trường Đại học Cần Thơ 
260 |c 2015 
520 |a Nghiên cứu xây dựng hệ thống thiết kế bài giảng hợp tác cho phép người dùng thiết kế cấu trúc của bài giảng phù hợp cho từng môn học, cùng soạn bài giảng, cùng chia sẻ kiến thức và kinh nghiệm trong việc soạn một bài giảng hoàn chỉnh trên môi trường Web. 
650 |a Công nghệ dạy học,Educational technology 
904 |i Lê Thị Mỹ Linh (Nguyên) 
980 |a Trung tâm Học liệu Trường Đại học Cần Thơ